[Event "Regionalliga Nord-West 1718"]
[Site "Bayern"]
[Date "2018.02.25"]
[Round "7.8"]
[White "Langer, Simon"]
[Black "Thauer, Leon"]
[Result "1-0"]
[WhiteElo "1893"]
[BlackElo "1545"]
[PlyCount "53"]
[EventDate "2017.10.22"]
[EventType "team-tourn"]
[EventRounds "9"]
[EventCountry "GER"]
[SourceTitle "EXT 2022"]
[Source "ChessBase"]
[SourceDate "2021.10.06"]
[SourceVersion "1"]
[SourceVersionDate "2021.10.06"]
[SourceQuality "1"]
[WhiteTeam "Klingenberg"]
[BlackTeam "Kronach"]
[WhiteTeamCountry "GER"]
[BlackTeamCountry "GER"]

1. e4 c6 2. f4 d5 3. e5 Bf5 4. g4 Bd7 5. Bg2 e6 6. Nf3 c5 7. d4 Qb6 8. c3 Nc6 9. a3 f6 10. f5 0-0-0 11. Qc2 Qc7 12. Bf4 Nh6 13. Bh3 Re8 14. Nbd2 fxe5 15. dxe5 exf5 16. gxf5 Nxe5 17. Nxe5 Nf7 18. Ndf3 Bd6 19. 0-0-0 Nxe5 20. Rxd5 Nd3+ 21. Qxd3 Bxf4+ 22. Kb1 Re3 23. Qc4 Bc6 24. f6+ Kb8 25. fxg7 Rhe8 26. Rxc5 R3e6 27. Bxe6 1-0

[Event "Oberfranken-ch"]
[Site "Schney"]
[Date "2018.01.05"]
[Round "5.1"]
[White "Thauer, Leon"]
[Black "Galstyan, Spartak"]
[Result "1/2-1/2"]
[WhiteElo "1483"]
[BlackElo "1809"]
[PlyCount "77"]
[EventDate "2018.01.03"]
[EventType "swiss"]
[EventRounds "7"]
[EventCountry "GER"]
[SourceTitle "EXT 2022"]
[Source "ChessBase"]
[SourceDate "2021.10.06"]
[SourceVersion "1"]
[SourceVersionDate "2021.10.06"]
[SourceQuality "1"]

1. e4 c5 2. Nc3 e6 3. f4 Nc6 4. Nf3 a6 5. Bd3 d5 6. exd5 exd5 7. b3 Nf6 8. 0-0 Bd6 9. Re1+ Ne7 10. Ne5 0-0 11. Qf3 Nc6 12. Nxc6 bxc6 13. Na4 Qc7 14. g3 Bg4 15. Qf2 c4 16. bxc4 Qa5 17. c5 Qxa4 18. cxd6 Rfd8 19. Bb2 Rxd6 20. Qd4 Qxd4+ 21. Bxd4 Ne4 22. Bxe4 dxe4 23. Bc3 Bf5 24. Re3 h5 25. Rb1 h4 26. Kg2 h3+ 27. Kf2 Rd5 28. a4 Rdd8 29. Ree1 c5 30. Ke3 Rab8 31. Be5 Rb4 32. Rxb4 cxb4 33. Bc7 Rc8 34. Ba5 Rxc2 35. Bxb4 Rc7 36. a5 Rd7 37. Rc1 Rd3+ 38. Ke2 Bg4+ 39. Kf2 1/2-1/2

[Event "Oberfranken-ch U14"]
[Site "Schney"]
[Date "2017.01.06"]
[Round "7.2"]
[White "Ebel, Maik"]
[Black "Thauer, Leon"]
[Result "1-0"]
[WhiteElo "1325"]
[BlackElo "1279"]
[PlyCount "81"]
[EventDate "2017.01.03"]
[EventType "swiss"]
[EventRounds "7"]
[EventCountry "GER"]
[SourceTitle "EXT 2024"]
[Source "ChessBase"]
[SourceDate "2023.10.10"]
[SourceVersion "1"]
[SourceVersionDate "2023.10.10"]
[SourceQuality "1"]

1. d4 Nf6 2. c4 e6 3. Nc3 Bb4 4. Qc2 c5 5. e3 Nc6 6. Nf3 Qc7 7. Bd2 Bxc3 8. Bxc3 Ne7 9. dxc5 Qxc5 10. Bxf6 gxf6 11. Bd3 Ng6 12. 0-0-0 f5 13. Qc3 Rf8 14. Nd4 b6 15. b4 Qe7 16. Nb5 d6 17. Bxf5 Rg8 18. Bxg6 hxg6 19. Nxd6+ Kf8 20. Ne4 Bb7 21. f3 Bxe4 22. fxe4 Qg5 23. g3 Rd8 24. Rxd8+ Qxd8 25. Rd1 Qe7 26. a3 f6 27. e5 f5 28. Qd4 Kf7 29. Qd7 Re8 30. Qxe7+ Rxe7 31. Kc2 Rc7 32. Kc3 b5 33. c5 a6 34. Rd6 Ra7 35. c6 Ke7 36. Kd4 Ra8 37. Kc5 a5 38. bxa5 Rb8 39. c7 Ra8 40. Kb6 g5 41. Kb7 1-0